00274nam a2200073Ia 4500082001500000245010800015100003600123008004100159 a646.72 CHU 0aRoyal fashion and beauty secrets : discover for yourself what really makes princess Diana look so good  a BERGH, Rene Kaapstad, 1995 210817s9999 xx 000 0 und d